000 00625nam a22002057a 4500
003 OSt
005 20140310183016.0
008 130212t xxu||||| |||| 00| 0 eng d
020 _a9710868691
050 _a LB 1765.P6
_b.Z84 2008
100 _aZulueta, Francisco M.
245 _aLicensure examination for teachers :
_ba comprehensive reviewer /
_cFrancisco M. Zulueta, Kathleen L. Guimbatan.
260 _aMandaluyong City :
_bNational Book Store,
_c2008.
300 _a394 p. ;
_c23 cm.
521 _aEDU
562 _e1
650 _2Teachers Examinations Reviews
942 _2lcc
_cBK
_kLOC
999 _c18303
_d18303